00923nam a22002537a 45000010005000000030006000050050017000110080041000280200018000690400029000870500019001160820011001351000018001462450046001642600045002103000049002554900017003045050008003215200214003295210020005435210020005636500047005836500039006307502FISKH20250829142735.0250722b cb ||||| |||| 00| 0 eng d a9780531281031 aFISKHbengcFISKHdFISKH a QH541.R27 B44 a577.34 aBenoit, Peter aTropical rainforests / cBy Peter Benoit  aNew York : bChildren's Press , c2011.  a48 pages : bcolor illustrations ;c22 cm .  aA ture book  aR  aExplains what tropical rain forests are like, looks at the plants and animals that live in rain forests, and includes information on why tropical rain forests are important and what is being done to save them.8 a730 bLexile 8 aR bRaz-Plus  aRain forest ecology vJuvenile Literature  aRain forestsvJuvenile Literature